Une lettre / Une marque automobile - Statistiques

Statistiques générales
  • Ce quiz a été pris 1 137 fois
    424 depuis la dernière actualisation
  • Le résultat moyen est 16 sur 24
Statistiques - réponses
Lettre Marque % Correct
A Abarth | AC | Aiways | Aixam | Alfa Romeo | Alpina | Alpine | AMC | Anaig | Aston Martin | Auburn | Audi | Austin Healay | Autobianchi | Auverland | Ariel
98%
B Bellier | Bentley | Bluecar | BMW | Boschetti | Bugatti | Buick | Burbys | BYD
98%
F Ferrari | Fiat | Fisker | Ford
97%
C Cadillac | Carbodies | Casalini | Caterham | Changan | Chatenet | Chevrolet | Chrysler | Citroen | Colani | Cord | Cupra
96%
M Maserati | Matra | Maxus | Mazda | Mclaren | Mega | Mercedes | Mercury | MG | Mia | Microcar | Mini | Mitsubishi | Mlt Automotive | Morgan | Mpm motors
91%
P Packard | Panhard | Panther | Peugeot | Pgo | Plymouth | Polestar | Pontiac | Porsche | Pagani | Pininfarina
91%
D Dacia | Daihatsu | Daimler | Dangel | Datsun | De Tomaso | Delahaye | Delorean | Desoto | Devinci | Dodge | Donkervoort | DS
90%
L Lada | Lamborghini | Lancia | Land Rover | Lasalle | Leapmotor | Lexus | Ligier | Lincoln | Lotus | Lucid motors | Lynk&Co
89%
H Hommeil | Honda | Hotchkiss | Hudson | Hummer | Hyundai
86%
R Renault | Rolls Royce | Rover | Ruska | RUF
86%
S Saab | Saleen | Santana | Saturn | Seat | Secma | Seres | Shelby | Silence | Simca | Skoda | Skyworth | Smart | Ssangyong | Studebaker | Subaru | Sunbeam | Supersanta | Suzuki
84%
V Venturi | Vespa | Vinfast | Volkswagen | Volvo
84%
J Jaguar | JDM | Jeep | Jensen | Jiayuan
83%
T Tazzari | Tempo | Tesla | Think | Toyota | Triumph | Tvr
76%
K Kaiser | Kia | Ktm | Koenigsegg
75%
O Oldsmobile | Opel | Oxygo
72%
N Nash | Nissan | Noun | Nova bus | Nsu | Noble
63%
I Ineos | Infiniti | International Harvester | Isuzu | Iveco | isotta fraschini
40%
G GMC | Grecav | Gwm
31%
Z Zeekr | Zenos | Zenvo | Zagato
27%
E Edsel | Eli | Eon Motors | Excalibur | Eagle
22%
X Xev | Xpeng
18%
W Westfield | Wiesman | Willys | Wuling
17%
U Ultima
13%
Aucun quiz correspondant
Distribution des résultats
% des personnes avec chaque résultat
Percentile par nombre de réponses
Votre historique - résultats
Vous n’avez pas pris ce quiz depuis la dernière actualisation